000 00627nam a2200205Ia 4500
008 130821s2011 sp gr spa
020 _a978 84 01 33755 0
040 _aCo-BoUCM
_bspa
041 0 0 _aspa
100 1 _aNavarro, Julia
_9169319
245 1 0 _aDime quién soy
_cJulia Navarro
250 _a17a ed.
260 _aBarcelona (España)
_bRandom House Mondadori
_c2011
300 _a1096 páginas
650 _aLiteratura española
_97793
650 _aLiteratura europea
_926524
650 _aNovela española
_920500
942 _cLIBRO
_a18
_e1
_kC
_mN322d
_2DEWEY
_h863.64
999 _c75861
_d75861